Statistics for Offensive Tackle prospects of the 2024 NFL Draft

Click here to take the quiz!

General Stats

  • This quiz has been taken 15 times
  • The average score is 20 of 36

Answer Stats

PositionCollegeName% Correct
OTGeorgiaAmarius Mims
100%
OTAlabamaJC Latham
100%
OTNotre DameJoe Alt
100%
OTArizonaJordan Morgan
100%
OTPenn St.Olumuyiwa Fashanu
100%
OTOregon St.Taliese Fuaga
100%
OTWashingtonTroy Fautanu
92%
OTOklahomaTyler Guyton
83%
OTHoustonPatrick Paul
75%
OTWashingtonRoger Rosengarten
75%
OTNotre DameBlake Fisher
67%
OTTexasChristian Jones
67%
OTMissouriJavon Foster
67%
OTBYUKingsley Suamataia
67%
OTYaleKiran Amegadjie
58%
OTPittsburghMatt Goncalves
58%
OTSouth Dakota St.Garrett Greenfield
42%
OTLouisiana-LafayetteNathan Thomas
42%
OTUCFTylan Grable
42%
OTTCUAndrew Coker
33%
OTHowardAnim Dankwah
33%
OTEastern MichiganBrian Dooley
33%
OTPenn St.Caedan Wallace
33%
OTTulsaDarrell Simpson
33%
OTMarshallEthan Driskell
33%
OTWyomingFrank Crum
33%
OTBritish Columbia (Canada)Giovanni Manu
33%
OTKentuckyJeremy Flax
33%
OTEastern KentuckyJosiah Ezirim
33%
OTIllinoisJulian Pearl
33%
OTFindlayMichael Jerrell
33%
OTNorth CarolinaSpencer Rolland
33%
OTUnited KingdomTravis Clayton
33%
OTGeorgia St.Travis Glover
33%
OTOklahomaWalter Rouse
33%
OTMiami (FL)Zion Nelson
33%

Score Distribution

Percentile by Number Answered

Percent of People with Each Score

Your Score History

You have not taken this quiz